[Event "1st 4NCL Spring Bank Holiday Congress"]
[Site "Basingstoke"]
[Date "2018.05.26"]
[Round "3"]
[Board "1"]
[White "Nandi, Robin J"]
[Black "Stevenson, James AB"]
[Result "1-0"]
[WhiteElo "1860"]
[BlackElo "2049"]
[PlyCount "129"]
[EventDate "2018.05.25"]
[EventRounds "7"]
[EventCountry "ENG"]

1. d4 Nf6 2. c4 c5 3. d5 b5 4. cxb5 a6 5. bxa6 Bxa6 6. Nc3 d6 7. Nf3 g6 8. e4
Bxf1 9. Kxf1 Bg7 10. Bf4 O-O 11. Qd2 Qb6 12. Rb1 Nbd7 13. Bh6 Qa6+ 14. Kg1 Rfb8
15. Bxg7 Kxg7 16. h3 Rb4 17. Qc2 Rab8 18. Kh2 h5 19. Rhe1 Qa5 20. Kg1 Qa8 21.
Nd2 Kg8 22. b3 R4b7 23. Nc4 Nb6 24. a4 Nxc4 25. bxc4 Rb4 26. Rxb4 Rxb4 27. e5
dxe5 28. Qe2 Nd7 29. f4 f6 30. Ne4 Qxa4 31. fxe5 fxe5 32. Ng5 Rxc4 33. Ne6 Qc2
34. Qe3 Kh7 35. Qg5 Nf6 36. Qxe5 Qc3 37. Ng5+ Kh6 38. Nf7+ Kg7 39. Qxe7 Qd4+
40. Kh1 Ng8 41. Qe6 Qf6 42. Nd6 Qxe6 43. dxe6 Rd4 44. e7 Nxe7 45. Rxe7+ Kf6 46.
Nc8 g5 47. Rc7 Rd5 48. Nb6 Rd1+ 49. Kh2 g4 50. Rxc5 gxh3 51. Kxh3 Kg6 52. Nd5
Rd3+ 53. Kh2 Rd4 54. Ne7+ Kf6 55. Nd5+ Kg6 56. Kh3 Ra4 57. g3 h4 58. Nf4+ Kf7
59. Kxh4 Ra1 60. Kg5 Rg1 61. g4 Rg3 62. Rc7+ Kg8 63. Nh5 Rg1 64. Nf6+ Kf8 65.
Kg6 1-0

[Event "1st 4NCL Spring Bank Holiday Congress"]
[Site "Basingstoke"]
[Date "2018.05.26"]
[Round "3"]
[Board "2"]
[White "Stephenson, David W"]
[Black "Nelson, Omowale A"]
[Result "0-1"]
[WhiteElo "1793"]
[BlackElo "1976"]
[PlyCount "94"]
[EventDate "2018.05.25"]
[EventRounds "7"]
[EventCountry "ENG"]

1. e4 c6 2. d4 d5 3. exd5 cxd5 4. Bd3 Nf6 5. c3 Nc6 6. Bf4 Qb6 7. Qb3 Qxb3 8.
axb3 Nh5 9. Be3 a6 10. Ne2 Bd7 11. b4 Rc8 12. Nd2 e6 13. f3 Bd6 14. g4 Nf6 15.
Kf2 e5 16. h3 O-O 17. Nb3 Rc7 18. Ng3 Re8 19. Bf5 exd4 20. Nxd4 Bxg3+ 21. Kxg3
Rxe3 22. Kf4 Re8 23. g5 Nh5+ 24. Kg4 g6 25. Rhe1 Ne5+ 26. Kh4 Bxf5 27. Re3 Ng7
28. Rae1 Rce7 29. Kg3 Kf8 30. b5 Nc4 31. Rxe7 Rxe7 32. Ra1 Bc8 33. bxa6 bxa6
34. Nc6 Rc7 35. Nb4 Ne3 36. Kf2 Ngf5 37. Ra5 Rb7 38. Ke2 d4 39. Nd3 Re7 40. Kf2
Nd1+ 41. Kg1 Re2 42. cxd4 Nde3 43. Nf4 Rxb2 44. Rc5 Bb7 45. d5 Nh4 46. d6 Nxf3+
47. Kh1 Rh2# 0-1

[Event "1st 4NCL Spring Bank Holiday Congress"]
[Site "Basingstoke"]
[Date "2018.05.26"]
[Round "3"]
[Board "3"]
[White "Gregory, Keith DF"]
[Black "McDonnell, James J"]
[Result "1/2-1/2"]
[WhiteElo "1975"]
[BlackElo "1833"]
[PlyCount "53"]
[EventDate "2018.05.25"]
[EventRounds "7"]
[EventCountry "ENG"]

1. Nf3 c5 2. g3 Nc6 3. c4 g6 4. Bg2 Bg7 5. O-O e5 6. Nc3 Nge7 7. d3 O-O 8. Rb1
d6 9. a3 a5 10. Ne1 Rb8 11. Nc2 Be6 12. b4 b6 13. Bd2 Qd7 14. Nd5 Nd4 15. Nxe7+
Qxe7 16. Nxd4 exd4 17. bxa5 bxa5 18. Bxa5 Qa7 19. Bd2 Qxa3 20. Ra1 Qb2 21. Ra6
Rb6 22. Bc1 Qb1 23. Ra3 Rfb8 24. Bf4 Qb2 25. Bc1 Qb1 26. Bf4 Qb2 27. Bc1
 1/2-1/2

[Event "1st 4NCL Spring Bank Holiday Congress"]
[Site "Basingstoke"]
[Date "2018.05.26"]
[Round "3"]
[Board "4"]
[White "De Coverly, Roger D"]
[Black "Cherupalli, Ramprasad"]
[Result "0-1"]
[WhiteElo "1943"]
[BlackElo "1827"]
[PlyCount "134"]
[EventDate "2018.05.25"]
[EventRounds "7"]
[EventCountry "ENG"]

1. e4 e5 2. Nf3 Nf6 3. Nxe5 d6 4. Nf3 Nxe4 5. d3 Nf6 6. d4 d5 7. c4 Bb4+ 8. Nc3
O-O 9. Be2 dxc4 10. Bxc4 Bg4 11. O-O Nc6 12. Be3 Qd7 13. Be2 Rad8 14. a3 Ba5
15. Qa4 Qf5 16. Rfd1 Bb6 17. Rac1 Ne7 18. h3 Bxf3 19. Bxf3 c6 {(=)} 20. Qc2 Rd7
21. Na4 Rfd8 22. Nxb6 axb6 23. Qb3 Ned5 24. Qd3 Ne7 25. b4 b5 26. Rc5 Qxd3 27.
Rxd3 Ned5 28. g4 Nxe3 29. fxe3 Nd5 30. Kf2 f6 31. Bxd5+ Rxd5 32. Rxd5 Rxd5 {(=)
} 33. e4 Rd7 34. Ke3 Kf7 35. d5 Ke7 36. Kd4 cxd5 37. exd5 Rc7 38. Re3+ Kd7 39.
Re6 Rc4+ 40. Kd3 h5 41. Re4 Rxe4 42. Kxe4 hxg4 43. hxg4 g6 44. Kd4 Kd6 45. Ke4
b6 46. Kd4 Ke7 47. Ke4 Kd7 48. Kd3 Kd6 49. Kd4 f5 50. g5 f4 51. Ke4 f3 52. Kxf3
Kxd5 53. Kf4 Kd4 54. Kf3 Ke5 55. Ke3 Kf5 56. Kd4 Kxg5 57. Kd5 Kf4 58. Kc6 g5
59. Kxb5 g4 60. Kxb6 g3 61. a4 g2 62. b5 g1=Q+ 63. Ka6 Ke5 64. a5 Kd6 65. Kb7
Qc5 66. Ka6 Kc7 67. b6+ Kb8 0-1

[Event "1st 4NCL Spring Bank Holiday Congress"]
[Site "Basingstoke"]
[Date "2018.05.26"]
[Round "3"]
[Board "5"]
[White "Merriman, James"]
[Black "Tart, Peter K"]
[Result "0-1"]
[WhiteElo "1690"]
[BlackElo "1939"]
[PlyCount "82"]
[EventDate "2018.05.25"]
[EventRounds "7"]
[EventCountry "ENG"]

1. d4 f5 2. g3 Nf6 3. Bg2 e6 4. c4 Be7 5. Nc3 O-O 6. Nf3 d6 7. O-O Ne4 8. Qb3
Nxc3 9. Qxc3 Bf6 10. Rd1 Qe8 11. Bg5 Nd7 12. Rac1 Qh5 13. Bxf6 Nxf6 14. c5 Ne4
15. Qb3 d5 16. c6 b6 17. Ne5 Qxe2 18. Bxe4 fxe4 19. Qc2 Rxf2 20. Qxe2 Rxe2 21.
b4 Ba6 22. a4 Bd3 23. Nxd3 exd3 24. Rxd3 {(=)} Rf8 25. Rf1 Rxf1+ 26. Kxf1 Rc2
27. b5 Ra2 28. Rf3 Rxa4 29. Kg2 a6 30. bxa6 Rxa6 31. Kh3 Ra4 32. Rf4 Rc4 33.
Kg4 Rxc6 34. Kg5 Rc2 35. h4 c5 36. h5 c4 37. h6 gxh6+ 38. Kf6 Re2 39. Ke7 c3
40. Rg4+ Kh8 41. Kf8 Rf2+ 0-1

[Event "1st 4NCL Spring Bank Holiday Congress"]
[Site "Basingstoke"]
[Date "2018.05.26"]
[Round "3"]
[Board "6"]
[White "Jaufarally, Nadia"]
[Black "Aubury, Ben"]
[Result "1-0"]
[WhiteElo "1853"]
[BlackElo "1516"]
[PlyCount "81"]
[EventDate "2018.05.25"]
[EventRounds "7"]
[EventCountry "ENG"]

1. e4 e6 2. d4 d5 3. Nc3 Nf6 4. e5 Nfd7 5. f4 c5 6. Nf3 Nc6 7. Be3 Be7 8. Be2
O-O 9. O-O f5 10. Kh1 a6 11. a4 Rb8 12. Rg1 c4 13. g4 b5 14. b3 Na5 15. Qe1
cxb3 16. axb5 bxc2 17. Qg3 fxg4 18. Qxg4 Rf7 19. Nxd5 Nf8 20. Nxe7+ Rxe7 21.
Ra2 Qc7 22. Rc1 axb5 23. Raxc2 Qb7 24. d5 Nb3 25. d6 Rd7 26. Rc7 Nxc1 27. Rxb7
Rdxb7 28. Bxc1 b4 29. Nd4 b3 30. Bb2 Rb4 31. Qg3 Bb7+ 32. Bf3 Bxf3+ 33. Qxf3
Rxd4 34. Bxd4 b2 35. Bxb2 Rxb2 36. Qc3 Rb7 37. Qc8 Rd7 38. f5 Kf7 39. fxe6+
Kxe6 40. Qxf8 Kxe5 41. Qe7+ 1-0

[Event "1st 4NCL Spring Bank Holiday Congress"]
[Site "Basingstoke"]
[Date "2018.05.26"]
[Round "3"]
[Board "7"]
[White "Golding, James"]
[Black "Burrows, Nick"]
[Result "1-0"]
[WhiteElo "2025"]
[BlackElo "1933"]
[PlyCount "49"]
[EventDate "2018.05.25"]
[EventRounds "7"]
[EventCountry "ENG"]

1. d4 f5 2. Nf3 Nf6 3. g3 e6 4. Bg2 d5 5. O-O Bd6 6. b3 Qe7 7. Bb2 O-O 8. Nbd2
b6 9. Ne5 Bb7 10. c4 c6 11. e3 a5 12. f4 Na6 13. Qe2 Rfd8 14. h3 Ne4 15. Kh2
Rac8 16. Rg1 Nb4 17. Ndf3 c5 18. Bh1 cxd4 19. Bxd4 Bc5 20. g4 Bxd4 21. Nxd4 Nd6
22. a3 Na6 23. cxd5 exd5 24. gxf5 Nc5 25. Ndc6 1-0

[Event "1st 4NCL Spring Bank Holiday Congress"]
[Site "Basingstoke"]
[Date "2018.05.26"]
[Round "3"]
[Board "8"]
[White "Sagues, Vincent"]
[Black "Bennett, Dominic L"]
[Result "1/2-1/2"]
[WhiteElo "1907"]
[BlackElo "1951"]
[PlyCount "43"]
[EventDate "2018.05.25"]
[EventRounds "7"]
[EventCountry "ENG"]

1. e4 c5 2. Nf3 e6 3. d4 cxd4 4. Nxd4 a6 5. Bd3 Qc7 6. Qe2 Ne7 7. c4 Nbc6 8.
Be3 Ng6 9. Nxc6 dxc6 10. Qd2 e5 11. Nc3 Bb4 12. O-O O-O 13. a3 Bd6 14. Na4 Qe7
15. Nb6 Rb8 16. Nxc8 Rbxc8 17. Qc2 Bc5 18. Bd2 Rfd8 19. Rfd1 Bd4 20. Rac1 Qf6
21. Be3 Nf8 22. b4 1/2-1/2

[Event "1st 4NCL Spring Bank Holiday Congress"]
[Site "Basingstoke"]
[Date "2018.05.26"]
[Round "3"]
[Board "9"]
[White "Orsagova, Erika"]
[Black "Royal, Shreyas"]
[Result "1/2-1/2"]
[WhiteElo "2040"]
[BlackElo "1812"]
[PlyCount "37"]
[EventDate "2018.05.25"]
[EventRounds "7"]
[EventCountry "ENG"]

1. e4 c5 2. Nc3 Nc6 3. g3 g6 4. Bg2 Bg7 5. d3 e6 6. Be3 b6 7. Qd2 Nge7 8. Bh6
O-O 9. Bxg7 Kxg7 10. f4 d5 11. Nf3 Rb8 12. O-O Bb7 13. exd5 exd5 14. d4 Ba6 15.
Rfe1 Qd6 16. Rad1 Rfd8 17. Na4 Bb5 18. Nc3 Ba6 19. Na4 1/2-1/2

[Event "1st 4NCL Spring Bank Holiday Congress"]
[Site "Basingstoke"]
[Date "2018.05.26"]
[Round "3"]
[Board "10"]
[White "Somton, Anita"]
[Black "Alizada, Eldar A"]
[Result "1/2-1/2"]
[WhiteElo "1803"]
[BlackElo "1995"]
[PlyCount "63"]
[EventDate "2018.05.25"]
[EventRounds "7"]
[EventCountry "ENG"]

1. e4 e6 2. d4 d5 3. Nc3 dxe4 4. Nxe4 Nd7 5. Nf3 Ngf6 6. Nxf6+ Nxf6 7. Bd3 Be7
8. Be3 O-O 9. Qe2 b6 10. O-O-O Bb7 11. h4 a5 12. Bg5 h6 13. Be3 a4 14. Kb1 a3
15. b3 Ne4 16. Bxe4 Bxe4 17. h5 Qd5 18. Ne5 c5 19. f3 Bh7 20. Nc4 Qb7 21. dxc5
bxc5 22. Bc1 Ra7 23. Rh3 Bf6 24. f4 Rb8 25. Ne5 Qc8 26. g4 {(=)} Rb4 27. g5
hxg5 28. fxg5 Re4 29. Re3 Bxe5 30. Rxe4 Bxe4 31. Qxe4 Bd4 32. h6 1/2-1/2

[Event "1st 4NCL Spring Bank Holiday Congress"]
[Site "Basingstoke"]
[Date "2018.05.26"]
[Round "3"]
[Board "11"]
[White "Shepley, Julien M"]
[Black "Davis, Timothy J"]
[Result "1-0"]
[WhiteElo "1986"]
[BlackElo "1845"]
[PlyCount "139"]
[EventDate "2018.05.25"]
[EventRounds "7"]
[EventCountry "ENG"]

1. e4 d5 2. Nc3 dxe4 3. Nxe4 Nd7 4. Nf3 Ngf6 5. Nxf6+ Nxf6 6. Bc4 Bf5 7. Ne5 e6
8. d3 Nd7 9. Bf4 Bd6 10. Qe2 Nxe5 11. Bxe5 Bxe5 12. Qxe5 O-O 13. g4 Bg6 14. h4
h6 15. O-O-O Qd6 16. Rde1 Qxe5 17. Rxe5 Rad8 18. Rg1 Rfe8 19. h5 Bh7 20. g5 Kf8
21. g6 Bg8 22. gxf7 Bxf7 23. Rg4 Rd7 24. Rf4 Rde7 25. d4 Kg8 26. Be2 Rd8 27.
Bf3 b6 28. Be4 Red7 29. c3 Re7 30. Kc2 Kf8 31. Bf3 Rd6 32. c4 Ke8 33. c5 Rd8
34. Kc3 Rb8 35. Rg4 Kf8 36. Rge4 c6 37. Re3 Rc8 38. Bg4 Rce8 39. cxb6 axb6 40.
a4 Ra7 41. b3 Rae7 42. Re1 Kg8 43. b4 Ra7 44. a5 bxa5 45. bxa5 Rc8 46. Ra1 Re8
47. Kc4 Ra6 48. Kc5 Rea8 49. Bxe6 Bxe6 50. Rxe6 Rxa5+ 51. Rxa5 Rxa5+ 52. Kxc6
Rxh5 53. d5 Kf7 54. Re2 Rh1 55. d6 Rc1+ 56. Kb7 Rb1+ 57. Kc8 Rc1+ 58. Kd8 h5
59. d7 h4 60. Re3 Rd1 61. Rf3+ Kg6 62. Rf4 Kg5 63. Rf7 g6 64. Ke8 Kg4 65. d8=Q
Rxd8+ 66. Kxd8 g5 67. Ke7 Kh3 68. Kf6 Kg2 69. Kxg5 h3 70. f4 1-0

[Event "1st 4NCL Spring Bank Holiday Congress"]
[Site "Basingstoke"]
[Date "2018.05.26"]
[Round "3"]
[Board "12"]
[White "Gardiner, Eric D"]
[Black "Faulkner, Martin J"]
[Result "0-1"]
[WhiteElo "1982"]
[BlackElo "1798"]
[PlyCount "72"]
[EventDate "2018.05.25"]
[EventRounds "7"]
[EventCountry "ENG"]

1. d4 Nf6 2. Bg5 d5 3. Bxf6 exf6 4. e3 Be6 5. g3 Nd7 6. Bg2 c6 7. Nd2 f5 8. Ne2
Nf6 9. Nf4 Bd7 10. O-O Bd6 11. c4 Bxf4 12. gxf4 Ne4 13. cxd5 cxd5 14. Nxe4 fxe4
15. Qh5 Bb5 16. Qe5+ Kf8 17. Rfc1 Bc6 18. Rc5 h5 19. Rac1 Qd7 20. b4 f6 21. Bh3
fxe5 22. Bxd7 Bxd7 23. Rxd5 Bh3 24. Rxe5 Rh6 25. f5 Re8 26. Rcc5 Rxe5 27. dxe5
Bxf5 28. Kf1 Bg4 29. b5 Re6 30. Ke1 b6 31. Rd5 Re7 32. Kd2 Rf7 33. Kc3 Rxf2 34.
e6 Rxa2 35. Kd4 Rd2+ 36. Kxe4 Bf3+ 0-1

[Event "1st 4NCL Spring Bank Holiday Congress"]
[Site "Basingstoke"]
[Date "2018.05.26"]
[Round "3"]
[Board "13"]
[White "Slinger, AJ (Tony)"]
[Black "Metcalfe, Charlie P"]
[Result "1/2-1/2"]
[WhiteElo "1875"]
[BlackElo "1696"]
[PlyCount "62"]
[EventDate "2018.05.25"]
[EventRounds "7"]
[EventCountry "ENG"]

1. Nf3 d5 2. g3 Nf6 3. Bg2 g6 4. b3 Bg7 5. Bb2 O-O 6. O-O b6 7. d3 Bb7 8. Nbd2
Nbd7 9. c4 c5 10. cxd5 Nxd5 11. Bxg7 Kxg7 12. Qc2 Qc7 13. Qb2+ Kg8 14. Rac1
Rac8 15. a3 Qb8 16. Rc2 Nc7 17. b4 Ne6 18. bxc5 Rxc5 19. Rfc1 Rfc8 20. d4 Rxc2
21. Rxc2 Rxc2 22. Qxc2 Qd6 23. Qb2 Nf6 24. e3 Qc7 25. Ne5 Ng5 26. h4 Nge4 27.
Nxe4 Bxe4 28. Ng4 Qb7 29. Nxf6+ exf6 30. Bxe4 Qxe4 31. Qb5 Qe7 1/2-1/2

[Event "1st 4NCL Spring Bank Holiday Congress"]
[Site "Basingstoke"]
[Date "2018.05.26"]
[Round "3"]
[Board "14"]
[White "Di-Vetta, Andrew"]
[Black "Jamroz, Viktor"]
[Result "1/2-1/2"]
[WhiteElo "1684"]
[BlackElo "1757"]
[PlyCount "60"]
[EventDate "2018.05.25"]
[EventRounds "7"]
[EventCountry "ENG"]

1. c4 b6 2. e4 Bb7 3. Nc3 e6 4. Qc2 c5 5. Nf3 Nc6 6. a3 Nge7 7. Be2 d5 8. cxd5
exd5 9. exd5 Nxd5 10. O-O Be7 11. Bc4 Nxc3 12. dxc3 O-O 13. Bf4 Bf6 14. Rad1
Qc8 15. Bg3 h5 16. Bd3 g6 17. Rfe1 Nd8 18. Be4 Ne6 19. Bxb7 Qxb7 20. Be5 Bxe5
21. Rxe5 Rad8 22. Ree1 Nf4 23. Qa4 g5 24. Rxd8 Rxd8 25. Re8+ Rxe8 26. Qxe8+ Kg7
27. Qe5+ f6 28. Qe3 Qd7 29. h3 Kf7 30. Qe4 Ng6 1/2-1/2

[Event "1st 4NCL Spring Bank Holiday Congress"]
[Site "Basingstoke"]
[Date "2018.05.27"]
[Round "4"]
[Board "1"]
[White "Nelson, Omowale A"]
[Black "Nandi, Robin J"]
[Result "0-1"]
[WhiteElo "1976"]
[BlackElo "1860"]
[PlyCount "46"]
[EventDate "2018.05.25"]
[EventRounds "7"]
[EventCountry "ENG"]

1. d4 Nf6 2. c4 e6 3. g3 d5 4. Nf3 dxc4 5. Qc2 a6 6. Qxc4 b5 7. Qc2 Bb7 8. Bg2
Nbd7 9. O-O c5 10. Rd1 Rc8 11. Qb3 cxd4 12. Nxd4 Bxg2 13. Kxg2 Bc5 14. Nc3 O-O
15. Nxe6 fxe6 16. Qxe6+ Kh8 17. Qxa6 b4 18. Na4 Qe7 19. Nxc5 Nxc5 20. Qb5 Nfe4
21. Be3 Rf5 22. Qxb4 Nxf2 23. Bxc5 Qxe2 0-1

[Event "1st 4NCL Spring Bank Holiday Congress"]
[Site "Basingstoke"]
[Date "2018.05.27"]
[Round "4"]
[Board "2"]
[White "Tart, Peter K"]
[Black "Jaufarally, Nadia"]
[Result "0-1"]
[WhiteElo "1939"]
[BlackElo "1853"]
[PlyCount "74"]
[EventDate "2018.05.25"]
[EventRounds "7"]
[EventCountry "ENG"]

1. e4 c5 2. Nc3 e6 3. f4 Nc6 4. Nf3 a6 5. g3 d5 6. d3 Be7 7. Bg2 d4 8. Nb1 Nf6
9. O-O O-O 10. Nbd2 b5 11. e5 Nd5 12. Ne4 Bb7 13. Qe2 Rc8 14. g4 Qc7 15. Ng3
Rfe8 16. Ne1 c4 17. dxc4 bxc4 18. Qxc4 Ncb4 19. Qxc7 Rxc7 20. Be4 Ne3 21. Bxe3
dxe3 22. c3 Bxe4 23. Nxe4 Rd8 24. Ng2 e2 25. Rfc1 Nd3 26. Rc2 Nxf4 27. Nd6 Bxd6
28. Nxf4 Bc5+ 29. Kg2 Rd1 30. Rcc1 e1=Q 31. Rxd1 Qf2+ 32. Kh3 Qf3+ 33. Kh4 Bf2+
34. Kg5 h6+ 35. Kh5 g6+ 36. Kxh6 Qxf4+ 37. g5 Qh4# 0-1

[Event "1st 4NCL Spring Bank Holiday Congress"]
[Site "Basingstoke"]
[Date "2018.05.27"]
[Round "4"]
[Board "3"]
[White "Cherupalli, Ramprasad"]
[Black "Gregory, Keith DF"]
[Result "1/2-1/2"]
[WhiteElo "1827"]
[BlackElo "1975"]
[PlyCount "136"]
[EventDate "2018.05.25"]
[EventRounds "7"]
[EventCountry "ENG"]

1. Nf3 d6 2. d4 Nf6 3. g3 Nbd7 4. Bg2 e5 5. c3 Be7 6. O-O O-O 7. Nbd2 c6 8. a4
Re8 9. b4 a5 10. bxa5 Qxa5 11. Nc4 Qxc3 12. Nb2 exd4 13. Nxd4 d5 14. Qd3 Qxd3
15. Nxd3 Nc5 16. Nxc5 Bxc5 17. Nb3 Ba7 18. e3 Ne4 19. Bb2 Nd6 20. Rfc1 Nc4 21.
Bc3 Bf5 22. Nd4 Bc8 23. Nc2 Bb6 24. Bf1 Ba5 25. Nb4 Nd6 26. Rab1 Ne4 27. Be1
Nd6 28. Bd3 Bg4 29. Bc3 f6 30. Kg2 Bd7 31. Kf1 Ne4 32. Be1 Bd8 33. Bc2 Nd6 34.
Bb3 g6 35. Rb2 Kg7 36. Bc3 Ne4 37. Be1 h5 38. Nd3 Bh3+ 39. Ke2 Bc8 40. Bb4 Ng5
41. h4 Nf7 42. Nf4 Ne5 43. Bc2 f5 44. Bc3 Bf6 45. Bd4 Nc4 46. Bxf6+ Kxf6 47.
Rb4 Na5 48. Bd1 Re4 49. Nd3 Nc4 50. Nc5 Re7 51. Bb3 b6 52. Nd3 Ba6 53. Bxc4
dxc4 54. Nf4 Rb8 55. Kd2 Rd8+ 56. Kc3 b5 57. axb5 Bxb5 58. Rcb1 Red7 59. Rxb5
cxb5 60. Rxb5 Rd1 61. Rb6+ R8d6 62. Rxd6+ Rxd6 63. Kxc4 Rd2 64. Nh3 Rd1 65. Kc3
Rd6 66. Kc2 Ke5 67. Ng5 Rd7 68. Kc1 Rd5 1/2-1/2

[Event "1st 4NCL Spring Bank Holiday Congress"]
[Site "Basingstoke"]
[Date "2018.05.27"]
[Round "4"]
[Board "4"]
[White "McDonnell, James J"]
[Black "Cooper, Malcolm H"]
[Result "1-0"]
[WhiteElo "1833"]
[BlackElo "1840"]
[PlyCount "95"]
[EventDate "2018.05.25"]
[EventRounds "7"]
[EventCountry "ENG"]

1. e4 c5 2. Nf3 d6 3. d4 cxd4 4. Nxd4 Nf6 5. Nc3 a6 6. Qf3 g6 7. h3 Bg7 8. Be3
O-O 9. g4 e5 10. Nde2 Be6 11. O-O-O Nc6 12. Nd5 Bxd5 13. exd5 Ne7 14. Nc3 b5
15. Bg5 Nd7 16. Kb1 Rc8 17. Ne4 Qc7 18. Qb3 f6 19. Be3 f5 20. Ng5 Rf6 21. Ne6
Qb7 22. Nxg7 Kxg7 23. Bg5 Rf7 24. Bxe7 Rxe7 25. gxf5 gxf5 26. Qg3+ Kh8 27. Qg5
Nf8 28. Rg1 Rg7 29. Qf6 Qe7 30. Qxf5 Rxg1 31. Qxc8 Qf7 32. Qxa6 Qxd5 33. Kc1
Qc5 34. Qxb5 Qxf2 35. Qe2 Qf4+ 36. Kb1 Ne6 37. Qa6 Nd4 38. Qc8+ Kg7 39. Qd7+
Kh8 40. Qe8+ Kg7 41. Qe7+ Kh8 42. Qd8+ Kg7 43. Qc7+ Kh8 44. Qc4 Qf3 45. Qd3 Qf2
46. c3 Nf3 47. Qxd6 Rxf1 48. Qf8# 1-0

[Event "1st 4NCL Spring Bank Holiday Congress"]
[Site "Basingstoke"]
[Date "2018.05.27"]
[Round "4"]
[Board "5"]
[White "Rizvi, Nasir"]
[Black "Golding, James"]
[Result "0-1"]
[WhiteElo "2045"]
[BlackElo "2025"]
[PlyCount "102"]
[EventDate "2018.05.25"]
[EventRounds "7"]
[EventCountry "ENG"]

1. d4 d5 2. Nf3 e6 3. e3 c5 4. c3 Nf6 5. Nbd2 Be7 6. Bd3 Nc6 7. O-O O-O 8. dxc5
Bxc5 9. e4 e5 10. b4 Bd6 11. exd5 Nxd5 12. Ne4 Bc7 13. Bg5 f6 14. Bc4 Nce7 15.
Bh4 Kh8 16. Qb3 Nb6 17. Rad1 Qe8 18. Be6 Bxe6 19. Qxe6 Ned5 20. Qxe8 Raxe8 21.
g4 Kg8 22. c4 Nxb4 23. c5 Nc4 24. Rb1 Nc6 25. Rxb7 Bb8 26. Rd1 N4a5 27. Rbd7
Rd8 28. Kf1 Rxd7 29. Rxd7 h6 30. Ke2 Rd8 31. Rxd8+ Nxd8 32. Kd3 Ndc6 33. a3 Kf7
34. Bg3 Ke6 35. Nh4 Nd4 36. f3 g5 37. Ng6 Kf7 38. Nf8 Kxf8 39. Nxf6 Ke7 40.
Ng8+ Kf7 41. Nxh6+ Kg6 42. Ng8 Nac6 43. Ke4 Kg7 44. Ne7 Nxe7 45. Bxe5+ Bxe5 46.
Kxe5 Nxf3+ 47. Kd6 Kf7 48. h3 a5 49. c6 Nd4 50. c7 Nb5+ 51. Kd7 Nxa3 0-1

[Event "1st 4NCL Spring Bank Holiday Congress"]
[Site "Basingstoke"]
[Date "2018.05.27"]
[Round "4"]
[Board "6"]
[White "Stevenson, James AB"]
[Black "Sagues, Vincent"]
[Result "1/2-1/2"]
[WhiteElo "2049"]
[BlackElo "1907"]
[PlyCount "54"]
[EventDate "2018.05.25"]
[EventRounds "7"]
[EventCountry "ENG"]

1. d4 d5 2. c4 c6 3. Nf3 Nf6 4. Nc3 dxc4 5. e3 b5 6. a4 b4 7. Na2 e6 8. Bxc4
Nbd7 9. O-O Be7 10. Qe2 O-O 11. e4 Bb7 12. e5 Nd5 13. Bd2 a5 14. Nc1 c5 15.
dxc5 Nxc5 16. Re1 Nb6 17. Bb5 Qd5 18. Be3 Rfd8 19. Bxc5 Qxc5 20. Nd3 Bxf3 21.
Qxf3 Qd5 22. Qe2 Rac8 23. Rad1 Qb3 24. Nc1 Qc2 25. Rxd8+ Bxd8 26. Qxc2 Rxc2 27.
Nd3 Kf8 1/2-1/2

[Event "1st 4NCL Spring Bank Holiday Congress"]
[Site "Basingstoke"]
[Date "2018.05.27"]
[Round "4"]
[Board "7"]
[White "Royal, Shreyas"]
[Black "Archer-Lock, Christopher J"]
[Result "1-0"]
[WhiteElo "1812"]
[BlackElo "2043"]
[PlyCount "105"]
[EventDate "2018.05.25"]
[EventRounds "7"]
[EventCountry "ENG"]

1. d4 d5 2. Nf3 e6 3. c4 f5 4. Nc3 Nf6 5. Bg5 c6 6. e3 Be7 7. Bxf6 Bxf6 8. Bd3
Qe7 9. Qb3 Na6 10. a3 dxc4 11. Bxc4 b5 12. Be2 O-O 13. O-O Nc7 14. Rac1 Bd7 15.
Bd3 Kh8 16. Rfd1 Nd5 17. Nxd5 exd5 18. Rc5 f4 19. Re1 Qd6 20. Qc2 g6 21. e4
dxe4 22. Bxe4 Bxd4 23. Nxd4 Qxd4 24. Rd1 Qg7 25. Rxd7 Qxd7 26. Bxc6 Qe7 27.
Qc3+ Qg7 28. Qxg7+ Kxg7 29. Bxa8 Rxa8 30. Rxb5 Kf6 31. g3 fxg3 32. hxg3 h5 33.
Kg2 a5 34. a4 g5 35. f4 gxf4 36. gxf4 Rg8+ 37. Kf3 h4 38. Rxa5 Rg3+ 39. Kf2 Rg4
40. Kf3 Rg3+ 41. Ke4 h3 42. Rh5 Rb3 43. a5 Kg6 44. Rh4 Rxb2 45. Rxh3 Ra2 46.
f5+ Kg7 47. Rh5 Ra4+ 48. Kd3 Kf6 49. a6 Kg7 50. Rg5+ Kf6 51. Rg8 Kxf5 52. Ra8
Ke6 53. a7 1-0

[Event "1st 4NCL Spring Bank Holiday Congress"]
[Site "Basingstoke"]
[Date "2018.05.27"]
[Round "4"]
[Board "8"]
[White "Aubury, Ben"]
[Black "Shepley, Julien M"]
[Result "1-0"]
[WhiteElo "1516"]
[BlackElo "1986"]
[PlyCount "151"]
[EventDate "2018.05.25"]
[EventRounds "7"]
[EventCountry "ENG"]

1. e4 d5 2. exd5 Qxd5 3. Nc3 Qd6 4. d4 Nf6 5. Nf3 c6 6. Ne5 Nbd7 7. f4 Nb6 8.
Be3 g6 9. Be2 Bg7 10. h4 h5 11. Bd3 Bf5 12. Bxf5 gxf5 13. Qd3 e6 14. O-O-O Ng4
15. Rhe1 Bf6 16. g3 Qc7 17. Nxg4 hxg4 18. d5 Nxd5 19. Nxd5 cxd5 20. Bf2 O-O-O
21. Bxa7 b6 22. Qa6+ Qb7 23. Qxb6 Rd7 24. Qxb7+ Kxb7 25. Bd4 Bxd4 26. Rxd4 Ra8
27. a4 Rc7 28. c3 Rc4 29. Rxc4 dxc4 30. h5 Rxa4 31. h6 Ra8 32. h7 Rh8 33. Rh1
Kc6 34. Kd2 Kd5 35. Ke3 f6 36. Rd1+ Kc6 37. Rh1 Kd5 38. Rh5 Kc5 39. Rh6 e5 40.
Rxf6 exf4+ 41. Kxf4 Rxh7 42. Rxf5+ Kc6 43. Kxg4 Rh2 44. Kg5 Rxb2 45. g4 Rd2 46.
Rf3 Kd5 47. Kf4 Rg2 48. g5 Ke6 49. Rg3 Rf2+ 50. Ke4 Rd2 51. Kf4 Kf7 52. Re3 Rc2
53. Kf5 Rf2+ 54. Ke5 Kg6 55. Kd4 Kxg5 56. Kxc4 Rf5 57. Kd4 Kf6 58. c4 Kf7 59.
c5 Rf1 60. Kd5 Rd1+ 61. Kc6 Rd2 62. Kc7 Rd1 63. c6 Rd2 64. Kc8 Rd1 65. c7 Rc1
66. Re5 Kf6 67. Rd5 Ke6 68. Rd7 Rh1 69. Rd2 Ke7 70. Rd5 Rc1 71. Kb7 Rb1+ 72.
Kc8 Rc1 73. Rb5 Kd6 74. Rb7 Rc2 75. Kb8 Kd7 76. c8=Q+ 1-0

[Event "1st 4NCL Spring Bank Holiday Congress"]
[Site "Basingstoke"]
[Date "2018.05.27"]
[Round "4"]
[Board "9"]
[White "Bennett, Dominic L"]
[Black "Stephenson, David W"]
[Result "1/2-1/2"]
[WhiteElo "1951"]
[BlackElo "1793"]
[PlyCount "80"]
[EventDate "2018.05.25"]
[EventRounds "7"]
[EventCountry "ENG"]

1. d4 d5 2. c4 e6 3. Nc3 c5 4. cxd5 cxd4 5. Qa4+ Bd7 6. Qxd4 exd5 7. Qxd5 Nc6
8. a3 Nf6 9. Qd1 Bc5 10. e3 Qe7 11. Nf3 O-O 12. Be2 Rfd8 13. O-O Rac8 14. Bd2
Bb6 15. Qe1 Ne5 16. Nxe5 Qxe5 17. Rd1 Bc6 18. f4 Bxe3+ 19. Kh1 Qc5 20. Bxe3
Qxe3 21. Qf2 Qxf2 22. Rxf2 Rxd1+ 23. Bxd1 Ne4 24. Nxe4 Bxe4 25. Rd2 g6 26. Kg1
Rc1 27. Kf2 Kg7 28. g3 Rb1 29. Ke3 Bc6 30. Kd4 Rc1 31. Ke5 a6 32. Kd4 Kf6 33.
Bb3 Re1 34. Bd5 Bxd5 {(=)} 35. Kxd5 Kf5 36. Kc5 h5 37. Kb6 Re7 38. h3 h4 39.
g4+ Kxf4 40. Rd3 f5 1/2-1/2

[Event "1st 4NCL Spring Bank Holiday Congress"]
[Site "Basingstoke"]
[Date "2018.05.27"]
[Round "4"]
[Board "10"]
[White "Faulkner, Martin J"]
[Black "De Coverly, Roger D"]
[Result "1-0"]
[WhiteElo "1798"]
[BlackElo "1943"]
[PlyCount "99"]
[EventDate "2018.05.25"]
[EventRounds "7"]
[EventCountry "ENG"]

1. c4 Nf6 2. Nc3 e5 3. Nf3 d6 4. d4 Nbd7 5. e3 g6 6. Be2 Bg7 7. O-O O-O 8. Qc2
Re8 9. d5 a5 10. e4 Nc5 11. h3 Nh5 12. Bg5 Qd7 13. Nh2 Nf4 14. Bg4 f5 15. exf5
gxf5 16. Be2 Nxe2+ 17. Nxe2 Qf7 18. f4 e4 19. Bh4 Nd3 20. Rab1 c5 21. Nc1 Bd4+
22. Kh1 Qh5 23. Bg3 Nb4 24. Qd1 Qxd1 25. Rxd1 Nc2 26. Ne2 Bf6 27. Nf1 Bd7 28.
Rd2 Nd4 29. Ne3 Kf7 30. Bf2 Kg6 31. Re1 a4 32. Nc2 Nxe2 33. Rdxe2 Bxb2 34. a3
b5 35. Rb1 Bf6 36. cxb5 Rab8 37. b6 Rb7 38. Ne3 Bd4 39. Nc4 Reb8 40. Be1 Kf6
41. Bh4+ Kg6 42. Be1 Bf6 43. Ba5 Be7 44. Bc3 Be8 45. Re3 Bf7 46. Rg3+ Kh5 47.
Nxd6 Bh4 48. Rg7 Bxd5 49. g4+ fxg4 50. hxg4+ 1-0